000 01491nam a2200349Ia 4500
001 ebr10745643
003 CaPaEBR
006 m o u
007 cr cn|||||||||
008 120406s2012 enk sb 001 0 eng d
010 _z 2012010932
020 _z1845195442 (h/b : acid-free paper)
020 _z9781845195441 (h/b : acid-free paper)
020 _z9781782840930
040 _aCaPaEBR
_cCaPaEBR
035 _a(OCoLC)859157690
050 1 4 _aDP171
_b.P65 2012eb
082 0 4 _a325/.346009031
_223
245 0 0 _aPolycentric monarchies
_h[electronic resource] :
_bhow did early modern Spain and Portugal achieve and maintain a global hegemony? /
_cedited by Pedro Cardim ... [et al.].
260 _aBrighton ;
_aPortland, Or. :
_bSussex Academic Press,
_c2012.
300 _avi, 241 p.
504 _aIncludes bibliographical references and index.
533 _aElectronic reproduction.
_bPalo Alto, Calif. :
_cebrary,
_d2013.
_nAvailable via World Wide Web.
_nAccess may be limited to ebrary affiliated libraries.
650 0 _aImperialism
_xHistory
_y17th century.
650 0 _aImperialism
_xHistory
_y16th century.
651 0 _aPortugal
_xHistory
_ySpanish dynasty, 1580-1640.
651 0 _aSpain
_xHistory
_yHouse of Austria, 1516-1700.
655 7 _aElectronic books.
_2local
700 1 _aCardim, Pedro.
710 2 _aebrary, Inc.
856 4 0 _uhttp://site.ebrary.com/lib/rucke/Doc?id=10745643
_zAn electronic book accessible through the World Wide Web; click to view
999 _c32817
_d32817